A Political Science Approach to Human Rights (Record no. 3212)

MARC details
000 -LEADER
fixed length control field 00736nam a2200217 4500
003 - CONTROL NUMBER IDENTIFIER
control field LK-CoMWRAF
005 - DATE AND TIME OF LATEST TRANSACTION
control field 20231126131859.0
008 - FIXED-LENGTH DATA ELEMENTS--GENERAL INFORMATION
fixed length control field 230818b2002 |||||||| |||| 00| 0 eng d
020 ## - INTERNATIONAL STANDARD BOOK NUMBER
International Standard Book Number 9558698008
040 ## - CATALOGING SOURCE
Original cataloging agency LK-CoMWRAF
Modifying agency LK-CoMWRAF
Description conventions LK-CoMWRAF
041 ## - LANGUAGE CODE
Language code of text/sound track or separate title English
082 ## - DEWEY DECIMAL CLASSIFICATION NUMBER
Classification number 323
Item number FER
942 ## - ADDED ENTRY ELEMENTS (KOHA)
Koha item type Books
100 ## - MAIN ENTRY--PERSONAL NAME
Personal name Fernando, Laksiri
245 ## - TITLE STATEMENT
Title A Political Science Approach to Human Rights
260 ## - PUBLICATION, DISTRIBUTION, ETC. (IMPRINT)
Place of publication, distribution, etc. Colombo:
Name of publisher, distributor, etc. The Centre for the study of Human Rights,
Date of publication, distribution, etc. 2002
300 ## - PHYSICAL DESCRIPTION
Extent 88p.
Other physical details Bibliography included
856 ## - ELECTRONIC LOCATION AND ACCESS
Uniform Resource Identifier <a href="https://lms.cshr.cmb.ac.lk/pluginfile.php/5609/mod_resource/content/1/A%20Political%20Science%20Approach%20to%20Human%20Rights.pdf">https://lms.cshr.cmb.ac.lk/pluginfile.php/5609/mod_resource/content/1/A%20Political%20Science%20Approach%20to%20Human%20Rights.pdf</a>
650 ## - SUBJECT ADDED ENTRY--TOPICAL TERM
Topical term or geographic name as entry element HUMAN RIGHTS
653 ## - INDEX TERM--UNCONTROLLED
Uncontrolled term HUMAN RIGHTS-Political aspects
Holdings
Withdrawn status Lost status Damaged status Not for loan Permanent Location Current Location Date acquired Full call number Barcode Koha item type
        Resource center, Muslim Women's Research And Action Forum Resource center, Muslim Women's Research And Action Forum 2023-08-18 323 FER RAF18 Books

Copyright © 2023 Muslim Women's Research and Action Forum (MWRAF), No 27/3, Anderson Road, Kalubowila, Dehiwela. Funded by The Asia Fundation